Faculty of Law Library — Cairo University

Official Online Catalog

Dispute resolution and lawyers : (Record no. 66341)

MARC details
000 -LEADER
fixed length control field 01050cam a2200325 i 4500
003 - CONTROL NUMBER IDENTIFIER
control field EG-GICUC
005 - DATE AND TIME OF LATEST TRANSACTION
control field 20260315111826.0
008 - FIXED-LENGTH DATA ELEMENTS--GENERAL INFORMATION
fixed length control field 260315s1993 mnu b 001 0 eng d
020 ## - INTERNATIONAL STANDARD BOOK NUMBER
International Standard Book Number 0314019200
Qualifying information pbk.
020 ## - INTERNATIONAL STANDARD BOOK NUMBER
International Standard Book Number 9780314019202
040 ## - CATALOGING SOURCE
Original cataloging agency DLC
Transcribing agency EG-GICUC
Modifying agency EG-GICUC
Description conventions rda
043 ## - GEOGRAPHIC AREA CODE
Geographic area code n-us---
082 00 - DEWEY DECIMAL CLASSIFICATION NUMBER
Classification number 347.224
Edition number 21
092 04 - LOCALLY ASSIGNED DEWEY CALL NUMBER (OCLC)
Edition number 21
099 ## - LOCAL FREE-TEXT CALL NUMBER (OCLC)
Classification number Law 12 1993
100 1# - MAIN ENTRY--PERSONAL NAME
Personal name Riskin, Leonard L.,
Dates associated with a name 1942-
245 10 - TITLE STATEMENT
Title Dispute resolution and lawyers :
Remainder of title 1993 Supplement to Hardcover edition /
Statement of responsibility, etc. by Leonard L. Riskin, James E. Westbrook.
250 ## - EDITION STATEMENT
Edition statement Hardcover Edition.
264 ## - PRODUCTION, PUBLICATION, DISTRIBUTION, MANUFACTURE, AND COPYRIGHT NOTICE
Place of production, publication, distribution, manufacture St. Paul, Minn. :
Name of producer, publisher, distributor, manufacturer West Pub. Co.,
Date of production, publication, distribution, manufacture, or copyright notice 1993.
300 ## - PHYSICAL DESCRIPTION
Extent xiv, 264 pages ;
Dimensions 25 cm.
336 ## - CONTENT TYPE
Content type term text
Source rdacontent
337 ## - MEDIA TYPE
Media type term Computer
Source rdamedia
338 ## - CARRIER TYPE
Carrier type term Online Resource
Source rdacarrier
440 #0 - SERIES STATEMENT/ADDED ENTRY--TITLE
Title American casebook series
650 #0 - SUBJECT ADDED ENTRY--TOPICAL TERM
Topical term or geographic name entry element Dispute resolution (Law)
Geographic subdivision United States.
700 1# - ADDED ENTRY--PERSONAL NAME
Personal name Westbrook, James E.,
Dates associated with a name 1934-
856 40 - ELECTRONIC LOCATION AND ACCESS
Uniform Resource Identifier <a href="https://fll.law.cu.edu.eg/fulltext/bks/ENGB12-00094.pdf">https://fll.law.cu.edu.eg/fulltext/bks/ENGB12-00094.pdf</a>
905 ## - Cataloger and Reviser Names
Cataloger Name: Hend El khosy
942 ## - ADDED ENTRY ELEMENTS (KOHA)
Source of classification or shelving scheme Dewey Decimal Classification
Koha item type Books
Edition 21
Suppress in OPAC No
Holdings
Withdrawn status Lost status Source of classification or shelving scheme Damaged status Not for loan Collection Home library Current library Date acquired Total checkouts Full call number Barcode Date last seen Copy number Price effective from Koha item type Public note
    Dewey Decimal Classification     القانون الدولي الخاص جــــامعة القــاهرة مكتبة كلية الحقوق - فـرع الشيخ زايد 15.03.2026   Law2 12 347.224 RI . D 1993 1200094 S , C1 ENGB12-00094 15.03.2026 1 15.03.2026 Books 1569

© All rights reserved — Faculty of Law, Cairo University